000 00258nam a2200109Ia 4500
008 231219s9999 xx 000 0 und d
041 _aeng
100 _aKurtz and Boone
245 _aMarketing
260 _bThe Dryden Press ,Chicago
650 _aManagement
999 _c975051
_d975051